| 000 | 00594nam a2200229Ia 4500 | ||
|---|---|---|---|
| 003 | OSt | ||
| 005 | 20220928135214.0 | ||
| 006 | a|||||r|||| 00| 0 | ||
| 007 | ta | ||
| 008 | 220927b |||||||| |||| 00| 0 eng d | ||
| 024 | _a856 | ||
| 037 | _cTextual | ||
| 040 |
_aSDCL _cSDCL _beng |
||
| 041 |
_2eng _aeng |
||
| 082 | _aX.8 'N7, M0 | ||
| 100 |
_aHefford Ron _9489509 |
||
| 245 | 0 | _aIntroduction to the Australian economy | |
| 260 | _c1980 | ||
| 700 |
_a Thomson Norman _9489510 |
||
| 942 |
_hX.8 'N7, M0 _cTEXL _2CC |
||
| 999 |
_c804798 _d804798 |
||